000 00383nam a2200157Ia 4500
003 GCL
008 140319s9999 xx 000 0 ara d
040 _aGCL /
_cGCL
082 0 4 _aد
_b050
100 1 _aحسن رشاد
245 1 0 _aعودة المفقود (اقرا 176 ) /
_cحسن رشاد
300 _a159
490 _aاقرأ
_v0
650 0 4 _aالقصص
942 _2ddc
_cBK
999 _c48610
_d48610